000
00302nam a22001217a 4500
008
260504b |||||||| |||| 00| 0 eng d
082
_a
001661
100
_a
Bhajanananda, Swamy
245
_a
Yoga Mathu Adhyatmika Sadhane
260
_a
Mysore
_b
Ramakrishna Ashrama
_c
2023
300
_a
149p
942
_2
ddc
999
_c
1408
_d
1408